| 000 | 00405pam a2200145 a 4500 | ||
|---|---|---|---|
| 020 |
_a9781451104257 _c |
||
| 041 | _aeng | ||
| 082 |
_a617.3 _bCON |
||
| 100 | _aCONNOR F .G. , CASA D.J. ,DAVIS B.A.,. | ||
| 245 |
_aACSM`S SPORTS MEDICINE A COMPREHENSIVE REVIEW + ONLINE _hTextual Documents |
||
| 260 |
_bLIPPINCOTT WILLIAMS & WILKINS _c2013 |
||
| 300 |
_a859: _bXXVI. |
||
| 930 | _a7411 | ||
| 999 |
_c801938 _d801938 |
||
| 650 | _aORTHO | ||